| 000 | 00627nam a22001937a 4500 | ||
|---|---|---|---|
| 005 | 20251108173000.0 | ||
| 008 | 250721s2004 xx 000 0 ara d | ||
| 082 | 1 | 4 | _a412 /شوك |
| 100 | 1 | _aالشوكاني، محمد بن على بن محمد اليمنى الصنعانى | |
| 245 | 1 | 0 | _aنزهةالأحداق في علم الأشتقاق / |
| 264 | 1 |
_aعمان : _bدار عمارللنشر، _c2004. |
|
| 300 | _a112 ص | ||
| 650 | 1 | 7 | _aاللغة العربية |
| 650 | 1 | 7 | _aالأشتقاق |
| 650 | 1 | 7 | _aعلم الدلالة |
| 700 | 1 |
_aالنجار، شريف _eed. |
|
| 942 |
_2ddc _cBK |
||
| 999 |
_c93318 _d93318 |
||